Les rois de France prénommés Charles - Statistiques

Statistiques générales
  • Ce quiz a été pris 76 fois
  • Le résultat moyen est 7 sur 10
Statistiques - réponses
Hint Réponse % Correct
Il succède à ses deux frères en 1824 Charles X
93%
Empereur d'occident en 800 Charles 1er
92%
Massacre de la Saint-Barthélémy Charles IX
73%
Dément Charles VI
73%
Epoux d'Ermentrude et de Richilde Charles II
64%
Il succède à ses deux frères en 1322 Charles IV
63%
Epoux d'Anne de Bretagne Charles VIII
59%
Fils de Jean et de Bonne Charles V
56%
Roi de Bourges Charles VII
56%
Est mort prisonnier Charles III
41%
Aucun quiz correspondant
Distribution des résultats
% des personnes avec chaque résultat
Percentile par nombre de réponses
Votre historique - résultats
Vous n’avez pas pris ce quiz